Tolkien mythology chain quiz #2 - Statistics

General Stats
  • This quiz has been taken 788 times
  • The average score is 7 of 18
Answer Stats
Hint Answer % Correct
Homeland of the Hobbits Shire
97%
Isildur’s father Elendil
74%
Stoor Hobbit who found the One Ring in the river Gladden Déagol
70%
Círdan gave him his ring of power Gandalf
66%
Pre-eminent clan of Hobbits in the Shire Took
49%
Surname given to Finrod by the Dwarves Felagund
43%
Cirdan’s ring of power Narya
43%
Samwise Gamgee’s daughter Elanor
42%
Western part of Rohan between the river Isen and the Folde Westfold
33%
One of the Two Trees of Valinor Laurelin
32%
Refuge of the Rohirrim hidden in the White Mountains Dunharrow
25%
Captain and marchwarden to King Elu Thingol Mablung
22%
The Númenórean language Adûnaic
17%
The famed glaive of Gil-galad Aeglos
17%
Petty-dwarf son of Mîm and brother of Ibun Khîm
15%
River known as the Silverlode Celebrant
12%
Daughter of Prince Imrahil and wife of King Éomer Lothíriel
8%
Noldorin name for the moon Rána
4%
No matching quizzes found
Score Distribution
Percent of People with Each Score
Percentile by Number Answered
Your Score History
You have not taken this quiz